00627nam a2200193 c 450000500170000000800410001702000180005804000480007604100080012410000160013224500710014825000110021926000290023030000390025950400530029865100350035165100290038670000180041520201216114652.0120830s2018 enka|||gr|||| 00| 0 eng d a9781138631724 aCO-BoUCMbspacDeissy GarciadDeissy Garcia0 aeng aMauk, David a American civilizationban introductionc David Mauk, John Oakland a7a.Ed. aLondresbRoutledgec2018 axxvi, 439 páginasbilustraciones aIncluye referencias bibliográficas e índices aEstados unidosxCivilización aEstados UnidosxHistoria1 aOakland, John